নাস্তিকতার বাইরে: (Record no. 17983)
[ view plain ]
| 000 -LEADER | |
|---|---|
| fixed length control field | 00887nam a22002177a 4500 |
| 003 - CONTROL NUMBER IDENTIFIER | |
| control field | BDDh-ASL |
| 005 - DATE AND TIME OF LATEST TRANSACTION | |
| control field | 20231015025651.0 |
| 008 - FIXED-LENGTH DATA ELEMENTS--GENERAL INFORMATION | |
| fixed length control field | 200916b1993 ||||| |||| 00| 0 d |
| 020 ## - INTERNATIONAL STANDARD BOOK NUMBER | |
| International Standard Book Number | 8185696071 |
| 040 ## - CATALOGING SOURCE | |
| Original cataloging agency | BDDh-ASL |
| Transcribing agency | BDDh-ASL |
| Modifying agency | BDDh-ASL |
| 041 ## - LANGUAGE CODE | |
| Language code of text/sound track or separate title | bengali |
| 082 ## - DEWEY DECIMAL CLASSIFICATION NUMBER | |
| Classification number | 297.1 |
| Item number | MIN |
| 100 ## - MAIN ENTRY--PERSONAL NAME | |
| 9 (RLIN) | 809 |
| Personal name | মিত্র, অশোক |
| 245 ## - TITLE STATEMENT | |
| Title | নাস্তিকতার বাইরে: |
| Remainder of title | ও অন্যান্য প্রবন্ধ/ |
| Statement of responsibility, etc. | অশোক মিত্র। |
| 246 ## - VARYING FORM OF TITLE | |
| Title proper/short title | Nastijtar Baire O Onnanno Probanda |
| 260 ## - PUBLICATION, DISTRIBUTION, ETC. | |
| Place of publication, distribution, etc. | কলকাতা: |
| Name of publisher, distributor, etc. | চিরায়ত প্রকাশন, |
| Date of publication, distribution, etc. | ১৯৯৩। |
| 300 ## - PHYSICAL DESCRIPTION | |
| Extent | ১৯২ পৃষ্ঠা: |
| Dimensions | ২১ সে. মি.। |
| 505 ## - FORMATTED CONTENTS NOTE | |
| Formatted contents note | গ্রন্থপঞ্জি সংযুক্ত। |
| 650 #0 - SUBJECT ADDED ENTRY--TOPICAL TERM | |
| 9 (RLIN) | 810 |
| Topical term or geographic name entry element | ইসলাম ধর্ম |
| Form subdivision | প্রবন্ধ |
| 942 ## - ADDED ENTRY ELEMENTS (KOHA) | |
| Source of classification or shelving scheme | Dewey Decimal Classification |
| Koha item type | Books |
| Withdrawn status | Lost status | Source of classification or shelving scheme | Damaged status | Not for loan | Collection code | Home library | Current library | Shelving location | Date acquired | Source of acquisition | Total Checkouts | Full call number | Barcode | Date last seen | Copy number | Price effective from | Koha item type |
|---|---|---|---|---|---|---|---|---|---|---|---|---|---|---|---|---|---|
| Dewey Decimal Classification | Non-fiction | Asiatic Society Library | Asiatic Society Library | General Stacks | 09/16/2020 | Donated by Professor Husniara Huq | 297.1 MIN | 101124 | 09/16/2020 | C-1 | 09/16/2020 | Books |